La historia y desenvolvimiento del arte musical en Cuba y fases de nuestra música nacional / (Record no. 110463)
[ view plain ]
| 000 -LEADER | |
|---|---|
| campo de control de longitud fija | 00967nam a2200193 4500 |
| 001 - NÚMERO DE CONTROL | |
| campo de control | 110463 |
| 003 - IDENTIFICADOR DE NÚMERO DE CONTROL | |
| campo de control | ES-MaACL |
| 005 - FECHA Y HORA DE LA ÚLTIMA TRANSACCIÓN | |
| campo de control | 20251015165610.0 |
| 007 - CAMPO FIJO DE DESCRIPCIÓN FÍSICA--INFORMACIÓN GENERAL | |
| campo de control de longitud fija | t| |
| 008 - DATOS DE LONGITUD FIJA--INFORMACIÓN GENERAL | |
| campo de control de longitud fija | 061121s1924 cu r ||||1| spa d |
| 100 1# - ENTRADA PRINCIPAL--NOMBRE DE PERSONA | |
| Nombre de persona | Molina y Ramos, Joaquín. |
| 9 (RLIN) | 81970 |
| 245 13 - MENCIÓN DEL TÍTULO | |
| Título | La historia y desenvolvimiento del arte musical en Cuba y fases de nuestra música nacional / |
| Mención de responsabilidad, etc. | Discurso leido por el Sr. Joaquín Molina y Ramos en la sesión solemne celebrada por la Academia Nacional de Artes y Letras [de La Habana] el día 12 de mayo de 1924, al ser recibido como miembro de número de la Sección de Música de dicha corporación; discurso de contestación, por el Sr. Eduardo S. de Fuentes. |
| 260 ## - PUBLICACIÓN, DISTRIBUCIÓN, ETC. | |
| Lugar de publicación, distribución, etc. | La Habana : |
| Nombre del editor, distribuidor, etc. | [s. n.], |
| Fecha de publicación, distribución, etc. | 1924 ( |
| Fabricante | El Siglo XX) |
| 300 ## - DESCRIPCIÓN FÍSICA | |
| Extensión | 30 p. ; |
| Dimensiones | 25 x 16 cm. |
| 700 0# - ENTRADA AGREGADA--NOMBRE PERSONAL | |
| Nombre de persona | Fuentes, Eduardo, |
| Fechas asociadas al nombre | 1878-1946 |
| 9 (RLIN) | 52893 |
| 710 2# - ENTRADA AGREGADA--NOMBRE DE ENTIDAD CORPORATIVA | |
| Nombre de entidad corporativa o nombre de jurisdicción como elemento de entrada | Academia Nacional de Artes y Letras (Cuba) |
| 9 (RLIN) | 1211 |
| 852 ## - LOCALIZACIÓN | |
| Ubicación | ES-MaACL |
| Número de control de estantería | 1618-F-16 |
| Sublocalización o colección | R.4433 |
| Estatus retirado | Estado de pérdida | Estado de daño | No para préstamo | Colección | Biblioteca de origen | Biblioteca actual | Ubicación en estantería | Fecha de adquisición | Fuente de adquisición | Total de préstamos | Signatura topográfica completa | Código de barras | Visto por última vez | Precio de reemplazo | Tipo de ítem Koha |
|---|---|---|---|---|---|---|---|---|---|---|---|---|---|---|---|
| Colección de folletos | Biblioteca del Ateneo de Madrid | Biblioteca del Ateneo de Madrid | Depósito folletos | 17/01/2008 | 1618-F-16 | 1115250 | 23/02/2023 | 23/02/2023 | Folleto |
